Conference in Applied Economic Research, Reserve Bank of Australia, December 1977.

Gespeichert in:
Bibliographische Detailangaben
Körperschaften: Conference in Applied Economic Research, Reserve Bank of Australia, Reserve Bank of Australia
Format: Tagungsbericht Buch
Sprache:English
Veröffentlicht: [Sydney] : Reserve Bank of Australia, 1977.
Schlagworte:
LEADER 01558nam a2200409 a 4500
001 c000181464
003 CARM
005 20110627125951.0
008 790413s1977 at a b f100 0 eng d
010 |a 79305777 
015 |a Aus*** 
019 1 |a 1409488  |z 40708836  |5 LACONCORD2021 
020 |a 0642916497  |c unpriced 
020 |a 0642916497 
035 |a (OCoLC)4931859  |5 LACONCORD2021 
040 |a ANB  |b eng  |c ANB  |d XNTU 
042 |a anuc 
043 |a u-at--- 
050 0 0 |a HC605  |b .C5433 1977 
050 1 4 |a HC605  |b .C5433 1977 
082 0 0 |a 330/.07/2094 
082 0 0 |a 330/.07/2094  |2 19 
082 1 4 |a 330/.072  |2 19 
082 0 4 |a 330/072 
111 2 |a Conference in Applied Economic Research,  |d (1977 :  |c Reserve Bank of Australia) 
245 0 0 |a Conference in Applied Economic Research, Reserve Bank of Australia, December 1977. 
260 |a [Sydney] :  |b Reserve Bank of Australia,  |c 1977. 
300 |a 347 p. :  |b ill. ;  |c 25 cm. 
500 |a Applied economics. Research. Australia. Conference proceedings (ANB/PRECIS SIN 0198285) 
500 |a Spine title: Conference papers. 
504 |a Includes bibliographies. 
650 0 |a Economics  |x Research  |z Australia  |x Congresses. 
610 1 0 |a Australia  |x Economic conditions  |y 1945-  |x Mathematical models  |x Congresses. 
710 2 |a Reserve Bank of Australia. 
852 8 |b CARM  |h A2:AO20G0  |i C06960  |p 0243665  |f BK 
999 f f |i 5a35474d-a6a1-5258-97ce-dfecb26672ad  |s 849783e4-ab30-516b-af1f-1f27f8284af3 
952 f f |p Can circulate  |a CAVAL  |b CAVAL  |c CAVAL  |d CARM 1 Store  |e C06960  |f A2:AO20G0  |h Other scheme  |i book  |m 0243665